Guess the car brand logos - Statistics

General Stats
  • This quiz has been taken 2,214 times
  • The average score is 14 of 17
Answer Stats
Picture Answer % Correct
Honda
97%
Audi
96%
Tesla
95%
Toyota
94%
Jaguar
90%
Mercedes-Benz
90%
Chevy
88%
Bentley
85%
Lexus
85%
Hyundai
84%
Mazda
83%
Volkswagen
81%
Subaru
80%
Ram (Dodge)
79%
Ford Mustang
72%
Infiniti
62%
Acura
61%
No matching quizzes found
Score Distribution
Percent of People with Each Score
Percentile by Number Answered
Your Score History
You have not taken this quiz